Statistics for 1998 FIFA World Cup Quiz

Click here to take the quiz!

General Stats

  • This quiz has been taken 143 times
  • The average score is 27 of 32

Answer Stats

Answer% Correct
England
98%
France
98%
Brazil
97%
Mexico
97%
United States
97%
Italy
96%
Argentina
95%
Germany
95%
Japan
94%
South Korea
93%
Spain
92%
Nigeria
90%
Netherlands
90%
Chile
90%
Cameroon
88%
Belgium
88%
Denmark
87%
Iran
87%
Croatia
86%
Colombia
86%
Paraguay
85%
Norway
82%
Morocco
77%
Saudi Arabia
77%
South Africa
77%
Romania
77%
Scotland
76%
Tunisia
73%
Austria
71%
Bulgaria
68%
Jamaica
67%
Yugoslavia
59%

Score Distribution

Percentile by Number Answered

Percent of People with Each Score

Your Score History

You have not taken this quiz